Eliminación por categoría - Cantantes #1 - Estadísticas

Estadísticas generales
  • Esta prueba ha sido intentada 185 veces
    176 desde el último reinicio
  • La puntuación promedio es 9 de 20
Estadísticas de respuestas
Grupo Pista Respuesta % Correcto
Azul Artistas más escuchados en Spotify en 2025 35
99%
Azul ...que sean hombres 25
95%
Azul ...que sus canciones sean mayoritariamente en inglés 14
86%
Rojo Artistas con mayor venta de discos de la historia 35
77%
Rojo ...que sean un grupo 15
71%
Rojo ...que tenga al menos una doble letra consecutiva en su nombre 7
56%
Azul ...que NO hayan sacado un álbum de estudio en 2025 6
51%
Rojo Artistas con más streams/ventas de la década de los 90 35
51%
Azul Artistas que han ganado el "Best New Artist" Grammy desde 1990 37
50%
Azul ...que sea artista en solitario 28
47%
Rojo ...que hayan participado en series o películas de ficción (no autobiográficas ni documentales) 14
38%
Rojo ...que al menos uno de sus integrantes sea una mujer 2
32%
Rojo ...y ganasen eurovisión 1 ABBA
30%
Rojo ...cuyo nombre artístico sea el mismo (o muy cercano) a su nombre real 7
27%
Rojo ...cuyo apellido sea Jackson 2
26%
Azul ...que ganase en el mismo año otro Grammy 7
25%
Azul ...que tenga una canción en la película de "Barbie" (2023) 2
23%
Azul ...y sean un grupo 1 Coldplay
20%
Rojo ...y siga con vida 1 Janet Jackson
12%
Azul ...y sea hombre 1 Sam Smith
6%
No se encontraron pruebas coincidentes
Distribución de puntuación
Porcentaje de gente con cada puntuación
Porcentaje por número respondido
Historial de tus puntuaciones
No has intentado esta prueba desde el último reinicio